| 000 | 00533nam a2200169 i 4500 | ||
|---|---|---|---|
| 001 | 57907 | ||
| 003 | ES-MaACL | ||
| 005 | 20230906163658.0 | ||
| 007 | t| | ||
| 008 | 031020s1914 fr ||||1| fre d | ||
| 100 | 1 |
_aDouglas, Langton. _945494 |
|
| 245 | 1 | 0 |
_aHistoire de Sienne _b: histoire politique et sociale de la Republique de Sienne / _cLangton Douglas ; traduit de l'anlais par Georges Fenillory. |
| 260 |
_aParis, _c1914. |
||
| 300 |
_a2 v. ; _c25 cm. |
||
| 700 | 1 |
_aFeuilloy, Georges. _950643 |
|
| 852 |
_aES-MaACL _jF-8950-1 |
||
| 999 |
_c57907 _d57907 |
||